| 000 | 00763nam a2200241Ia 4500 | ||
|---|---|---|---|
| 003 | OSt | ||
| 005 | 20220926001342.0 | ||
| 006 | a|||||r|||| 00| 0 | ||
| 007 | ta | ||
| 008 | 220923b |||||||| |||| 00| 0 eng d | ||
| 037 | _cGeneral Book | ||
| 040 |
_aRTL _cRTL _beng |
||
| 041 |
_2eng _aeng |
||
| 082 | _aX71:8F.2.N78<N77r, L7/GD | ||
| 110 |
_aINDIA, ELECTRONICS (Department of-) _9303883 |
||
| 245 | 0 |
_aPublic accounts committee 1977-78 _b Twenty sixth report. |
|
| 260 |
_a New Delhi _bLok Sabha secretariat _c1977 |
||
| 300 |
_av,187p. _ccm. |
||
| 500 | _aAppendix : 173-183p. | ||
| 700 |
_aINDIA, ELECTRONICS (Department of-) _9303884 |
||
| 942 |
_hX71:8F.2.N78<N77r, L7/GD _cGB _2CC |
||
| 999 |
_c601388 _d601388 |
||